GMMTV Couples Quiz - Statistics

General Stats
  • This quiz has been taken 355 times
  • The average score is 13 of 16
Answer Stats
Picture Answer % Correct
Pondphuwin
96%
Williamest
95%
Firstkhaotung
91%
Juniormark
86%
Aouboom
85%
Forcebook
84%
Perthsanta
84%
Offgun
82%
Jimmysea
81%
Markohm
81%
Bounprem
79%
Surfjava
71%
Seakeen
69%
Kenpaul
59%
Lukemick
58%
Chokunaston
55%
No matching quizzes found
Score Distribution
Percent of People with Each Score
Percentile by Number Answered
Your Score History
You have not taken this quiz